[Event "Tan Chin Nam Cup 3rd "]
[Site "Beijing"]
[Date "1997.08.12"]
[Round "3"]
[White "Xie, Jun"]
[Black "Alterman, Boris"]
[Result "1/2-1/2"]
[WhiteElo "2495"]
[BlackElo "2615"]
[Annotator "Schulz,Andre"]
[PlyCount "95"]
[EventDate "1997.08.11"]
[EventType "tourn"]
[EventRounds "11"]
[EventCountry "CHN"]
[EventCategory "12"]
[SourceTitle "CBM 061"]
[Source "ChessBase"]
[SourceDate "1997.11.23"]
[SourceVersion "1"]
[SourceVersionDate "1997.11.23"]
[SourceQuality "1"]

{[%mdl 1024]} 1. e4 c5 2. Nf3 d6 3. d4 cxd4 4. Nxd4 Nf6 5. Nc3 g6 6. Be3 Bg7 7.
f3 Nc6 8. Qd2 O-O 9. O-O-O d5 10. Kb1 Nxd4 11. e5 Nf5 (11... Nxf3 12. gxf3 Nh5
13. Qxd5 Qc7 14. f4 Bg4 15. Be2 Bxe2 16. Nxe2 Rad8 17. Qc5 Qxc5 18. Bxc5 Bh6
19. Bxe7 Rxd1+ 20. Rxd1 Re8 21. Bc5 {1/2-1/2 Brodsky,M-Marin,M/Bucharest
Ciocaltea 1995/CBM 48/[Wahls]}) 12. exf6 Bxf6 $5 (12... exf6 13. Bc5 d4 14.
Bxf8 Qxf8 15. Nb5 Be6 (15... Ne3 16. Re1 Nxf1 17. Rhxf1 Be6 18. Nc7 d3 19. Nxa8
dxc2+ 20. Ka1 Qxa8 21. Qxc2 $18 {1-0 Mifsud,T-Bizat,M/Moscow olm 1994/EXP 44 
(34)}) 16. Bd3 Ne3 17. Rc1 Qc5 18. Qa5 Nc4 19. Qa4 a6 20. Bxc4 Bxc4 21. Nd6 b5
22. Ne4 Qe5 23. Qb4 f5 $44 {Senff,M-Farago,S/Budapest FS06 IM 1997/EXP 58/1-0 
(60)}) 13. Nxd5 Qxd5 $1 {Die Pointe. Schwarz gibt die Dame für R + B und hält
dann ziemlich leicht remis.} (13... Nxe3 $4 14. Nxf6+ $18) 14. Qxd5 Nxe3 15.
Qd2 Nxd1 16. Qxd1 Be6 ({Nach} 16... Bf5 $2 17. Bc4 Z0 18. g4 $140 $18 {hat
Schwarz große Probleme mit der Entwicklung.}) 17. Bb5 {[%cal Yb5a4,Ya4b3]} (17.
Bd3 $5 Rfd8 18. Qe2 Rd4 $14) 17... a6 18. Ba4 Rfd8 $11 ({Schlecht ist} 18... b5
$2 19. Bb3 Bxb3 20. axb3 Rfd8 21. Qe2 Rd4 22. Rd1 Rad8 23. Rxd4 Rxd4 24. c3 $16
{und Weiß hat die Möglichkeit, sich mit c4 einen Freibauern zu verschaffen.
Außerdem ist der schwarze Damenflügel schwach.}) 19. Qe2 Rd4 20. Bb3 Bxb3 21.
axb3 Rad8 22. g3 Kg7 23. f4 R8d5 24. Qf3 e6 25. Re1 h6 26. h4 h5 27. c3 Rd3 28.
Qf2 Rd7 29. b4 Rd2 30. Re2 R2d5 31. Kc2 Rd3 32. Re4 b5 33. Re3 R3d5 34. Qe2
R5d6 35. Rf3 Rd8 36. Rf1 R8d7 37. Ra1 Rd8 38. Qg2 R8d7 39. Rh1 Rd5 40. Rh2 Rd8
41. Qf3 R8d7 42. g4 hxg4 43. Qxg4 Rh5 44. Qg1 Rd6 45. Qf2 e5 46. fxe5 Bxe5 47.
Rh3 Bf6 48. Kb3 1/2-1/2

[Event "Bundesliga 9900"]
[Site "Germany"]
[Date "2000.04.09"]
[Round "15.6"]
[White "Brendel, Oliver"]
[Black "Polzin, Rainer"]
[Result "1-0"]
[WhiteElo "2413"]
[BlackElo "2475"]
[Annotator "Schulz,Andre"]
[PlyCount "84"]
[EventDate "1999.10.09"]
[EventType "team-tourn"]
[EventRounds "15"]
[EventCountry "GER"]
[SourceTitle "CBM 076"]
[Source "ChessBase"]
[SourceDate "2000.05.31"]
[SourceVersion "1"]
[SourceVersionDate "2000.05.31"]
[SourceQuality "1"]
[WhiteTeam "Castrop Rauxel"]
[BlackTeam "Neukoelln"]
[WhiteTeamCountry "GER"]
[BlackTeamCountry "GER"]

1. e4 c5 2. Nf3 d6 3. d4 cxd4 4. Nxd4 Nf6 5. Nc3 g6 6. Be3 Bg7 7. f3 O-O 8. Qd2
Nc6 9. O-O-O d5 10. Qe1 e5 11. Nxc6 bxc6 12. exd5 Nxd5 13. Bc4 Be6 14. h4 {
Dazu gibt es nur wenige Vorgänger.} ({Der Hauptzug ist} 14. Ne4) 14... Qc7 (
14... h6 15. Bb3 Re8 16. Ne4 Qc7 17. Bc5 a5 18. a3 a4 19. Ba2 f5 20. Nc3 e4 $13
{1-0 Pfaff,V-Pfaff,T/Bad Zwesten 1998/EXT 2000 (38)}) 15. Nxd5 cxd5 16. Bxd5
Bxd5 17. Rxd5 Qc4 18. Qa5 e4 ({Besser ist} 18... Rac8 $1 19. Rd2 e4 20. f4 Rc6
$5 (20... Rb8 21. c3 Rfc8 22. Re1 Bf6 23. Rc2 Rb5 24. Qa3 Qd3 25. Qa6 Qc4 26.
Qxf6 Rf5 27. Qe7 Qxa2 28. Qxe4 {1-0 Mainka,R-Kalka,A/Dortmund 1992/TD (28)})
21. b3 Ra6 22. bxc4 Rxa5 $15) 19. b3 Qe2 20. Qd2 Qa6 21. Bd4 $16 e3 (21... exf3
22. gxf3 Bxd4 23. Rxd4 h5 24. Re1 $16 {1/2-1/2 Lisanti,A-Lutz,K/Bruchkoebel
1993/GER (41)}) 22. Qd3 Qxd3 23. cxd3 Bh6 (23... Bxd4 24. Rxd4 Rfd8 25. Rxd8+
Rxd8 26. Kc2 f5 27. f4 $16) 24. Re1 Rac8+ 25. Rc5 Rfe8 26. Kd1 Rcd8 27. Rc4 Bf4
28. Ke2 Bg3 29. Rh1 Bf2 30. h5 $18 Rd7 31. Rhc1 f5 32. hxg6 hxg6 33. Rh1 Rh7
34. Rxh7 Kxh7 35. Bxa7 {[%csl Ga2,Gb3]} g5 36. b4 Kg6 37. Bd4 f4 38. b5 Ra8 39.
a4 g4 40. b6 gxf3+ 41. gxf3 Kf5 42. b7 Rg8 1-0

[Event "Chigorin Memorial 07th"]
[Site "St Petersburg"]
[Date "1999.11.03"]
[Round "2"]
[White "Asrian, Karen"]
[Black "Solovjov, Sergey"]
[Result "0-1"]
[WhiteElo "2575"]
[BlackElo "2467"]
[Annotator "Schulz,Andre"]
[PlyCount "92"]
[EventDate "1999.11.02"]
[EventType "swiss"]
[EventRounds "9"]
[EventCountry "RUS"]
[SourceTitle "CBM 074"]
[Source "ChessBase"]
[SourceDate "2000.02.01"]
[SourceVersion "1"]
[SourceVersionDate "2000.02.01"]
[SourceQuality "1"]

1. e4 c5 2. Nf3 d6 3. d4 cxd4 4. Nxd4 Nf6 5. Nc3 g6 6. Be3 Bg7 7. f3 O-O 8. Qd2
Nc6 9. g4 Bd7 10. h4 Rc8 11. h5 (11. O-O-O Ne5 12. Kb1 $5) 11... Ne5 12. O-O-O
{Die gleiche Stellung entsteht auch nach 9.0-0-0 Ld7 10.g4 Tc8 11.h4 Da5 12.h5}
Qa5 13. Be2 b5 14. Nb3 Qc7 ({Nach} 14... Qa6 15. Kb1 Nc4 16. Bxc4 bxc4 17. Nd4
Rb8 18. Ka1 Rb4 19. Rb1 {kam Luke McShane auf typische Weise unter die Räder:}
Bxg4 $1 20. fxg4 Nxe4 21. Nxe4 Qxa2+ $1 {0-1 McShane,L-Duncan,C/England 1997/
EXT 99 (21)}) 15. hxg6 fxg6 (15... hxg6 $2 16. Bh6 $18 {Der Angriff auf der
h-Linie kann nicht pariert werden.}) 16. g5 {Weiß möchte das Feld d5 für
seinen Springer frei kämpfen, kommt aber zu spät. Hier muss man nach
Verbesserungen suchen.} b4 $1 $17 (16... Nh5 17. Nd5 Qd8 {ist passiver.}) 17.
Nb5 (17. gxf6 bxc3 18. Qxc3 Qxc3 19. bxc3 Rxf6 $17) (17. Nd5 Nxd5 18. exd5 Nxf3
19. Bxf3 Rxf3 20. Qh2 $140 $2 Rh3 21. Qf2 Rxe3 $19) (17. Nb1 Nh5 $17) 17...
Bxb5 18. gxf6 (18. Bxb5 Nxf3 $19) 18... Bxe2 19. fxg7 $2 (19. Qxe2 Bxf6 $17)
19... Rxf3 20. Qxe2 Rxe3 21. Qh2 Rh3 $1 $19 {[%csl Rc2][%cal Rc7c2]} 22. Qd2
Rxh1 23. Rxh1 Qc4 24. Kb1 Nf7 {[%cal Gh7h6]} 25. Rg1 e5 {Schließt den Sb3 vom
Spiel aus. Die schwarzen Mehrbauern entscheiden den Tag.} 26. Qf2 Qxe4 27. Qxa7
Qxc2+ 28. Ka1 Kxg7 29. Rf1 Rc7 30. Qe3 Qg2 31. Rg1 Qd5 32. Qe2 e4 33. Rd1 Qe5
34. Qe3 Nh6 35. Qb6 Rf7 36. Qxb4 Nf5 37. Re1 e3 38. a4 d5 39. a5 d4 40. Nc5 Rc7
41. Rc1 Rxc5 42. Rxc5 Qe7 43. Qb5 e2 44. Re5 e1=Q+ 45. Rxe1 Qxe1+ 46. Ka2 d3
0-1

[Event "Serbian-ch 29th"]
[Site "Sabac"]
[Date "1998.04.27"]
[Round "8"]
[White "Marciano, David"]
[Black "Relange, Eloi"]
[Result "1-0"]
[WhiteElo "2485"]
[BlackElo "2490"]
[Annotator "Schulz,Andre"]
[PlyCount "55"]
[EventDate "1998.04.20"]
[EventType "tourn"]
[EventRounds "13"]
[EventCountry "YUG"]
[EventCategory "9"]
[SourceTitle "CBM 065"]
[Source "ChessBase"]
[SourceDate "1998.08.06"]
[SourceVersion "1"]
[SourceVersionDate "1998.08.06"]
[SourceQuality "1"]

{[%mdl 32768]} 1. e4 c5 2. Nf3 d6 3. d4 cxd4 4. Nxd4 Nf6 5. Nc3 g6 6. Be3 Bg7
7. f3 Nc6 8. Qd2 O-O 9. O-O-O Bd7 10. Kb1 Rc8 11. g4 {Wird häufig vor h2-h4
gespielt um h7-h5 zu erschweren.} h5 $6 {Trotzdem!} 12. h3 $1 ({Zur Auswahl
standen} 12. gxh5 Nxh5 {und nun ist nicht ganz klar wie man bequem den Nh5
wegbekommt, um h2-h4-h5 ziehen zu können.}) ({Oder} 12. g5 {wonach das Spiel
einen ganz anderen Charakter annimmt, weil der weiße Angriff nach den üblichen
Mustern nicht mehr möglich ist.}) 12... a6 {Schwarz hat kaum andere Züge.} (
12... Ne5 $2 13. f4 Nc4 14. Bxc4 Rxc4 15. e5 $40) (12... Qa5 $2 13. Nxc6 Bxc6
14. Nd5 Qd8 15. Nxf6+ Bxf6 16. gxh5 $40) 13. Be2 b5 14. Nd5 Nxd5 15. exd5 Nxd4
(15... Ne5 16. gxh5 {ist wieder sehr unangenehm.}) 16. Bxd4 Bxd4 17. Qxd4 {
Schwarz steht schlecht. Weiß hat einen klaren Plan mit dem Vorstoß f3-f4-f5,
Schwarz keinerlei Gegenspiel.} h4 18. Bd3 $1 Re8 $2 ({Nach} 18... e5 $142 19.
dxe6 Bxe6 20. f4 Rc5 (20... Qa5 $2 21. a3 b4 22. Qxb4 Qxb4 23. axb4 $18) 21.
Rhf1 $16 {kann Schwarz noch verteidigen.}) 19. f4 Rc5 20. b3 a5 21. Rhf1 Qa8
22. Be4 a4 23. f5 axb3 24. axb3 g5 25. f6 Qd8 26. Bg6 exf6 (26... e5 27. Qd2
$18) 27. Rxf6 Re5 28. Rxd6 1-0

[Event "Serbian-ch 29th"]
[Site "Sabac"]
[Date "1998.04.24"]
[Round "5"]
[White "Solak, Dragan"]
[Black "Relange, Eloi"]
[Result "1-0"]
[WhiteElo "2380"]
[BlackElo "2490"]
[Annotator "Schulz,Andre"]
[PlyCount "81"]
[EventDate "1998.04.20"]
[EventType "tourn"]
[EventRounds "13"]
[EventCountry "YUG"]
[EventCategory "9"]
[SourceTitle "CBM 065"]
[Source "ChessBase"]
[SourceDate "1998.08.06"]
[SourceVersion "1"]
[SourceVersionDate "1998.08.06"]
[SourceQuality "1"]

{[%mdl 32768]} 1. e4 c5 2. Nf3 d6 3. d4 cxd4 4. Nxd4 Nf6 5. Nc3 g6 6. Be3 Bg7
7. f3 Nc6 8. Qd2 O-O 9. O-O-O Nxd4 10. Bxd4 Be6 11. Kb1 Qc7 12. g4 Rfc8 13. h4
Qa5 14. a3 Rab8 15. h5 b5 16. h6 Bh8 ({Spannend ist} 16... b4 17. Nd5 Nxd5 18.
hxg7 Nc3+ 19. Ka1 f6 {0-1 Hellers,F-Georgiev,K/Haifa 1989/EU-chT (40)}) 17. Nd5
$146 ({RR} 17. g5 {1/2-1/2 Drescher,M-Gundlach,F/Hessen-ch qual-B 1989/GER 02 
(21)}) ({RR} 17. Bxf6 {Arakhamia,K-Gamback,B/Faroe 1997/EXT 97/1/2-1/2 (59)})
17... Qxd2 18. Rxd2 Bxd5 19. exd5 Rc7 20. g5 Nh5 21. Bxh8 Kxh8 22. Rh4 {
Normalerweise ist dieser Endspieltyp, der in dieser Variante in verschiedenen
Variationen vorkommen kann remisverdächtig.} f6 23. gxf6 Nxf6 24. Rb4 Rcb7 (
24... Rc5 25. c4 Rf8 26. Rxb5 Rxb5 27. cxb5 Ng8 $11) 25. c4 bxc4 26. Rxb7 Rxb7
27. Bxc4 Rc7 28. Rc2 Kg8 $2 {Schwarz verliert ab jetzt zunehmend die Kontrolle.
} (28... Ng8 $142) 29. Bb5 Rb7 (29... Rxc2 30. Kxc2 Nxd5 31. Bc4 e6 32. Bxd5
exd5 33. Kd3 $18) 30. Ba6 Rb6 31. Bc8 Kf8 32. Be6 Rb8 33. Rc7 Ng8 34. Bxg8 Kxg8
35. Rxe7 Rb3 36. Rg7+ Kf8 37. Rxh7 Rxf3 38. Rxa7 $18 Rh3 39. h7 g5 40. Kc2 g4
41. Kd2 1-0

[Event "FRA-ch"]
[Site "Narbonne"]
[Date "1997.08.23"]
[Round "8"]
[White "Fontaine, Robert"]
[Black "Relange, Eloi"]
[Result "0-1"]
[WhiteElo "2395"]
[BlackElo "2505"]
[Annotator "Schulz,Andre"]
[PlyCount "66"]
[EventDate "1997.08.15"]
[EventType "tourn"]
[EventRounds "15"]
[EventCountry "FRA"]
[EventCategory "9"]
[SourceTitle "CBM 061"]
[Source "ChessBase"]
[SourceDate "1997.11.23"]
[SourceVersion "1"]
[SourceVersionDate "1997.11.23"]
[SourceQuality "1"]

1. e4 c5 2. Nf3 d6 3. d4 cxd4 4. Nxd4 Nf6 5. Nc3 g6 6. Be3 Bg7 7. f3 O-O 8. Qd2
Nc6 9. O-O-O Nxd4 10. Bxd4 Be6 11. Nd5 Bxd5 12. exd5 Qc7 13. Kb1 (13. g4 Rac8
14. c3 Qa5 15. g5 Nh5 16. Bxg7 Nxg7 17. Kb1 {1/2-1/2 Timman,J-Sosonko,G/Wijk
1978/MCD-r7 (33)}) 13... Rfc8 14. c4 (14. Rc1 a6 15. c4 b5 16. Be2 Qb7 $11 {
Szamos,A-Parkanyi,A/Zalakaros op 1996/EXP 52/0-1 (41)}) 14... b5 15. Bxf6 $2 {
Keine gute Tauschentscheidung. Was übrig bleibt, sind ungleiche Läufer. Und
bei ungleichen Läufern ist die Seite im Vorteil, die Angriff hat. Und das ist
Schwarz.} (15. Rc1 bxc4 16. Bxc4 Qb7 17. Rc2 Nd7 18. Bxg7 Kxg7 $11 {Anderson,
F-Lorson,G/Amsterdam olm 1954/MCD-ol/1-0 (46)}) (15. cxb5 Nxd5 16. Bxg7 Kxg7
17. Bd3 $11 {Dhar,S-Chakraborty,S/Calcutta op2 1994/EXT 94op/1/2-1/2 (52) Im
Mittelspiel sind die Chancen ungefähr gleich, aber jedes Endspiel wäre für
Weiß wegen der 3:1 Majorität am Damenflügel gewonnen.}) 15... Bxf6 16. Rc1 (16.
cxb5 a6 $5 (16... Bg5 17. Qc3 Qb6 $5 $36 (17... Qxc3 $2 18. bxc3 Rxc3 19. Be2
$15)) 17. bxa6 (17. a4 axb5 18. Bxb5 Rcb8 19. Rc1 Qa7 $40 20. Z0 Rxb5 $140)
17... Rab8 (17... Bg5 18. Qc3 Qb6 (18... Qxc3 19. bxc3 Rxc3 20. Bb5 $1 Z0 21.
a4 $140) 19. Qb3 Qf2 20. a4) 18. Rc1 (18. b3 Bc3 (18... Bg5 19. Qd3 Rb5 20. Be2
Rxd5) 19. Qe3 Qa5 $19) 18... Qd7 19. Rxc8+ (19. b3 Qf5+ 20. Rc2 Qe5) 19... Qxc8
20. b3 Qf5+ 21. Bd3 Qe5 $40 {mit starkem schwarzen Angriff auf den dunklen
Feldern. Allerdings darf man den Pa6 nicht vergessen.}) 16... Qb7 17. Be2 (17.
cxb5 Rxc1+ 18. Kxc1 Rc8+ 19. Kb1 Rc5 $17) (17. b3 a5 18. cxb5 Rxc1+ 19. Kxc1 a4
20. b4 Rc8+ 21. Kb1 Bc3 $17) 17... bxc4 18. Bxc4 Rc5 19. Bb3 (19. b3 a5 20. a4
$140 $2 Rxc4 $19) 19... Rb5 20. Rc2 (20. Z0 $140 a5 $40) 20... Rb8 {Nach dem
strategisch verfehlten Tausch im 15.Zug ist Weiß mit seinen Schwächen b2 und
d5 völlig in die Defensive gedrängt.} 21. Rhc1 (21. Ka1 a5 22. Rb1 a4 $40)
21... a5 22. Rc7 Qa8 23. Qf2 {[%cal Yc7a7,Yf2a7]} Kg7 (23... a4 24. Ra7 Qxd5
25. Rc8+ Rxc8 26. Bxd5 Rxd5 27. Qe2 Rb8 28. b3 axb3 29. a4 Rc5 $19) 24. R1c6 (
24. Ra7 Qxd5 $1 $19) 24... Rxb3 $1 (24... a4 $2 25. Ra7) 25. axb3 Rxb3 26. Rb6
(26. Rc2 Qxd5 27. Rd2 Qb5 28. Qe2 Qb8 29. Rcc2 a4 $19) 26... a4 27. Rcc6 Qa5 (
27... Qa7 $5 $19 28. Z0 a3 $140) 28. Rxb3 axb3 29. Qe2 Qa2+ 30. Kc1 Qa1+ (30...
Bg5+ 31. Kd1 Qb1+ 32. Rc1 Qxc1#) 31. Kd2 Qxb2+ 32. Kd1 Qa1+ 33. Rc1 b2 0-1

[Event "Mitropa Cup 19th"]
[Site "Baden"]
[Date "1999.04.08"]
[Round "7"]
[White "Kindermann, Stefan"]
[Black "Jirovsky, Milos"]
[Result "0-1"]
[WhiteElo "2541"]
[BlackElo "2459"]
[Annotator "Schulz,Andre"]
[PlyCount "80"]
[EventDate "1999.04.01"]
[EventType "team-tourn"]
[EventRounds "9"]
[EventCountry "SUI"]
[SourceTitle "CBM 071"]
[Source "ChessBase"]
[SourceDate "1999.08.01"]
[SourceVersion "1"]
[SourceVersionDate "1999.08.01"]
[SourceQuality "1"]

1. e4 c5 2. Nf3 d6 3. d4 Nf6 4. Nc3 cxd4 5. Nxd4 g6 6. Be3 Nc6 7. f3 Bg7 8. Qd2
O-O 9. O-O-O Nxd4 10. Bxd4 Be6 11. Kb1 Qc7 12. Nd5 {Dieser Springerausfall
wird meist erst gespielt, wenn die schwarze Dame auf a5 steht, um so ins
Endspiel überzuleiten, ist aber auch an dieser Stelle nicht ohne Gift.} Bxd5
13. exd5 {[%csl Re7][%cal Ye2e7,Yd4g7]} Rac8 (13... Rfe8 $5 14. Z0 e5 $140 15.
dxe6 fxe6) 14. Rc1 a6 15. g4 e6 16. dxe6 fxe6 17. g5 $6 $146 (17. h4 {sieht
direkter aus, z.B.:} e5 18. Be3 Qc6 $6 19. h5 Qd5 $2 (19... gxh5 $142) 20. hxg6
hxg6 21. Bd3 e4 22. fxe4 Nxe4 23. Qh2 Rf3 24. Qh7+ Kf7 25. Rcf1 {1-0 Chapman,
A-Amaral,N/Bad Wiessee 1997/CBM 61 ext (25)}) 17... Nh5 18. Bh3 {[%csl Rc8,Re6]
[%cal Yh3c8]} Nf4 {Ein sehr starker Springer, der viele Verteidigungsaufgaben
erfüllt und vor allem die möglichen Einsatzorte des weißfeldrigen weißen
Läufers beherrscht.} 19. Bxg7 Kxg7 20. Bg4 d5 21. h4 $6 {In Kenntnis der
Partiefolge läßt sich sagen, daß der weiße Angriff am Königsflügel nicht
durchdringt. Wenn Weiß etwas erreichen möchte, dann besser erstmal im Zentrum.}
(21. Rhe1 $142 Rce8 22. c4 $5 (22. Re3 $5)) 21... Rcd8 22. Rce1 e5 23. h5 gxh5
(23... Nxh5 $2 {hieße, das beste Pferd im Stall abgeben und wäre natürlich
Unsinn.}) 24. Bxh5 (24. Qh2 Kh8 25. Bxh5 Rf5 $17) 24... Rf5 $1 {Nun ist nach
Lg4 immer der Bauer g5 weg.} 25. Reg1 Rg8 (25... Kh8 $5) 26. g6 ({Mit} 26. Bg4
Rxg5 27. Be6 Nxe6 28. Rxg5+ Nxg5 29. Qxg5+ {konnte Weiß versuchen auf
Ausgleich zu spielen.} Kh8 30. Qf5 Re8 $15 (30... d4 31. Rxh7+ Qxh7 32. Qxe5+
Rg7 33. Qe8+ Qg8 34. Qh5+ $11)) 26... h6 27. Bg4 Rg5 28. Qh2 Rh8 29. Bh3 Rh5
30. Rg3 Qe7 31. Qd2 Rf8 32. a3 Rf6 33. Rh2 Rb6 {[%cal Re7a3]} 34. Ka1 Qc5 35.
Bf5 $6 Rxf5 36. Rxh6 {Geistreich gespielt, aber Schwarz muß nicht annehmen.}
Qd4 $1 $19 ({Nach} 36... Kxh6 {wird der g-Bauer gefährlich und es ergeben sich
einige witzige Ablenkungsvarianten:} 37. g7 Rf8 38. Qe3 (38. gxf8=Q+ Qxf8 39.
Qh2+ Nh5 $19) 38... d4 (38... Qd6 $4 39. Qxb6 $18) 39. Qxe5 Qxe5 40. gxf8=Q+
Kh5 41. Qf7+ Rg6 (41... Kh4 $2 42. Rg4+ Kh3 43. Rxf4 $18) (41... Kh6 42. Qf8+
Kh5 $11) 42. Rg1 Qf6 $11) 37. Rh7+ Kg8 38. Qc1 Rff6 39. g7 Rg6 ({Auf} 39...
Kxh7 40. g8=Q+ Kh6 41. Qh8# {konnte man kaum hoffen.}) 40. Rxg6 Rxg6 0-1

[Event "Dortmund SuperGM 26th"]
[Site "Dortmund"]
[Date "1998.06.26"]
[Round "1"]
[White "Adams, Michael"]
[Black "Ivanchuk, Vassily"]
[Result "1/2-1/2"]
[WhiteElo "2670"]
[BlackElo "2740"]
[Annotator "Schulz,Andre"]
[PlyCount "78"]
[EventDate "1998.06.26"]
[EventType "tourn"]
[EventRounds "9"]
[EventCountry "GER"]
[EventCategory "18"]
[SourceTitle "CBM 066"]
[Source "ChessBase"]
[SourceDate "1998.09.30"]
[SourceVersion "1"]
[SourceVersionDate "1998.09.30"]
[SourceQuality "1"]

1. e4 c5 2. Nf3 d6 3. d4 cxd4 4. Nxd4 Nf6 5. Nc3 g6 6. Be3 Bg7 7. f3 O-O 8. Qd2
Nc6 9. O-O-O d5 10. Kb1 {Diese Fortsetzung, vor nicht allzu langer Zeit noch
als aussichtsreiche Überraschung gehandelt, ist wegen der folgenden schwarzen
Erwiderung nach dem 11.Zug praktisch erledigt. Weiß kann niemals gewinnen.}
Nxd4 (10... Rb8 {ist spielbar, falls Schwarz mehr als remis möchte.}) 11. e5
Nf5 12. exf6 Bxf6 $1 13. Nxd5 Qxd5 {Diese Damen"opfer" ist die Idee.} 14. Qxd5
Nxe3 15. Qd2 Nxd1 16. Qxd1 Be6 {Schwarz hat Läufer und Turm für die Dame, was
materiell einigermaßen in Ordnung ist. Er hat aber außerdem das Läuferpaar und
er wird mit seinen Turmen die d-Linie in Besitz nehmen. Die strategische
Aufgabe von Weiß besteht darin, einen schwarzen Turm zu tauschen, was kaum
gelingen wird, wenn Schwarz aufpasst.} 17. Bd3 Rfd8 18. Qe1 Rd6 19. Qa5 b6 20.
Qe1 Rc8 21. a3 Rc5 22. g4 Rcd5 23. Qg3 h5 {Der zentralisierte Turm auf d5
wirkt nicht nur auf der d-Linie, sondern kontrolliert auch die 5.Reihe.} 24. h3
h4 25. Qf2 Rxd3 26. cxd3 Rxd3 27. Qe2 Rb3 28. Rd1 g5 {Einfacher als} (28...
Rxb2+ 29. Qxb2 Bxb2 30. Kxb2 g5 $11) 29. Rd2 Kg7 30. Qe4 a5 31. Kc1 b5 32. Kd1
a4 33. Ke1 Bc4 34. Kf2 e6 35. Qc2 Bd5 36. Qd1 b4 37. axb4 Rxb4 38. Qe2 Rb3 39.
Kg2 Kg8 1/2-1/2

[Event "Tan Chin Nam Cup 4th"]
[Site "Beijing"]
[Date "1998.06.09"]
[Round "2"]
[White "Ye, Jiangchuan"]
[Black "Kudrin, Sergey"]
[Result "1-0"]
[WhiteElo "2530"]
[BlackElo "2565"]
[Annotator "Schulz,Andre"]
[PlyCount "81"]
[EventDate "1998.06.08"]
[EventType "tourn"]
[EventRounds "11"]
[EventCountry "CHN"]
[EventCategory "12"]
[SourceTitle "CBM 066"]
[Source "ChessBase"]
[SourceDate "1998.09.30"]
[SourceVersion "1"]
[SourceVersionDate "1998.09.30"]
[SourceQuality "1"]

1. e4 {Baburin} c5 2. Nf3 d6 3. d4 cxd4 4. Nxd4 Nf6 5. Nc3 g6 6. Be3 Bg7 7. f3
Nc6 8. Qd2 Be6 {Eine Idee, die Tiviakov in letzter Zeit aufgegriffen hat.
Schwarz verhindert Lc4 und der Tausch auf e6 ist (hoffentlich) nicht schlimm
für Schwarz.} 9. O-O-O (9. Nxe6 fxe6 10. Bc4 Qd7) 9... Rc8 10. Kb1 Qa5 (10...
O-O 11. Nxe6 fxe6 12. Bc4 Qd7 13. Bb3 Kh8 {1-0 Mednis,E-Weinstein,R/New York
1963/MCD-ch (47)}) (10... Nxd4 $142 {Baburin}) 11. Nb3 Bxb3 12. cxb3 {Baburin:
Now Black can hardly get an attack against the white king, while White can go
ahead with his usual play on the kingside.} O-O 13. g4 (13. Be2 $5 {Baburin}
Rfd8 14. f4) 13... Rfd8 {Damit fasst Schwarz den Plan, die Stellung igelmäßig
umzubauen.} 14. Be2 e6 15. g5 Ne8 (15... Nd7 $5 16. Qxd6 $140 $2 (16. Z0 $140
Nb6) 16... Nb4 17. Na4 Rc6 18. Qd2 Rc2 $17) 16. a3 Rd7 17. f4 d5 18. b4 (18.
exd5 Ne7 $132) 18... Qd8 19. e5 d4 20. Ne4 (20. Nb5 d3 21. Bxd3 a6 22. Nc3 Bxe5
{ist eine typische Fritz-Krawallvariante.}) 20... Rd5 21. Bf2 b5 22. Rc1 Bf8 {
Bereitet die Idee a7-a5 und b5-b4 vor. aber der fehlende Läufer auf g7 hat
Schwächen am Königsflügel hinterlassen, besonders h8.} 23. h4 {Baburin: Here
time decides everything. White should be able to open up the h-file quickly,
the firm control over the f6-square, which he has, also helps his attack.} a5
24. h5 (24. bxa5 $2 b4 $40) 24... axb4 25. hxg6 fxg6 ({Nach hxg6 gibt es viele
Probleme in Verbindung mit der offenen h-Linie, z.B.:} 25... hxg6 26. Qd3 (26.
Rh3 {Baburin} bxa3 27. Rch1 Bg7 28. Nf6+ Nxf6 29. gxf6 {White's attack decides.
}) 26... bxa3 27. Qh3 Bg7 28. Nf6+) 26. Bg4 Qd7 27. Qd3 Nd8 (27... bxa3 28. Qh3
$18 {[%csl Rh7][%cal Rg4e6]}) 28. Rxc8 Qxc8 29. axb4 Bxb4 30. Qb3 Qc4 31. Qh3
Ng7 (31... Rd7 32. Rc1 Qd5 33. Qd3 (33. Nf6+ $4 Nxf6 34. gxf6 Qe4+ $19) 33...
Ra7 (33... Z0 34. Bf3 $140 $18) 34. Rc8 Qa2+ 35. Kc1 Qa1+ 36. Qb1 Ra8 (36...
Qxb1+ $2 37. Kxb1 Be7 38. Nd6 $18) 37. Qxa1 Rxa1+ 38. Kc2 Be7 39. Bxd4 (39. Nd6
Rf1) 39... Ra4 40. Kd3 $18) 32. Rc1 Bc3 33. Nf6+ Kf7 34. Qxh7 Qd3+ 35. Ka2 Qd2
36. Qg8+ Ke7 37. Qxg7+ Nf7 38. Nxd5+ exd5 39. Rxc3 dxc3 40. Bc5+ Kd8 41. Qf8+ (
41. Qf8+ Kc7 42. Qc8#) 1-0